00513nam a22001817a 450000500170000000800410001701000150005802000250007303500130009803700130011104000130012408200060013710000150014324500550015826000400021327000570025330000210031020120828160954.0120828t xxu||||| |||| 00| 0 eng d aENG-105677 a978818242310c595.00 aEN-89210 bDBAD/PUB aDPLbEng aS aMir Amman  aAdventurous tales of char darvesh,/cby Mir Amman aPanchkulabHoliday Book Storec2011 aS.C.O. 43, First Floor, Swastik Vihar MDCbPanchkula a260p. c22cm(Hb)